000 00432nam a2200181Ia 4500
001 24457
005 20260414151044.0
008 260414t2008||||xx |||||||||||||| ||spa||
041 _aESP
082 _a345.7
_bQ71 2008
100 _aQuiroga León, Anibal
_eAUT
245 0 _aEstudios de derecho procesal
_b
260 _c2008
300 _a505 páginas :
_ccm.
650 _aDER
654 _aCDE
942 _cLIB
_dJUS
_fJUS
_2ddc
_n
999 _c24457
_d24457